The Bible in the churches : (Record no. 13010)
[ view plain ]
| 000 -LEADER | |
|---|---|
| fixed length control field | 00854nam a2200229 4500 |
| 008 - FIXED-LENGTH DATA ELEMENTS--GENERAL INFORMATION | |
| fixed length control field | 021004s1987 us eng |
| 020 ## - INTERNATIONAL STANDARD BOOK NUMBER | |
| International Standard Book Number | 0809126761 |
| 090 #0 - LOCALLY ASSIGNED LC-TYPE CALL NUMBER (OCLC); LOCAL CALL NUMBER (OCLC) | |
| Classification number (OCLC) (R) ; Classification number, CALL (RLIN) (NR) | BS500 |
| Local cutter number (OCLC) ; Book number/undivided call number, CALL (RLIN) | B47h |
| -- | 1987 |
| 245 10 - TITLE STATEMENT | |
| Title | The Bible in the churches : |
| Remainder of title | how different Christians interpret the Scriptures / |
| Statement of responsibility, etc | edited by Kenneth Hagen, Daniel J. Harrington, Grant R. Osborne and Joseph A. Burgess. |
| 260 ## - PUBLICATION, DISTRIBUTION, ETC. (IMPRINT) | |
| Place of publication, distribution, etc | New York : |
| Name of publisher, distributor, etc | Paulist, |
| Date of publication, distribution, etc | c1987. |
| 300 ## - PHYSICAL DESCRIPTION | |
| Extent | 148 p. |
| 650 #4 - SUBJECT ADDED ENTRY--TOPICAL TERM | |
| Topical term or geographic name as entry element | Bible |
| General subdivision | Criticism, interpretation, etc. |
| 650 #4 - SUBJECT ADDED ENTRY--TOPICAL TERM | |
| Topical term or geographic name as entry element | Bible. N.T. Ephesians 2:1-10 |
| General subdivision | Criticism, interpretation, etc. |
| 650 #4 - SUBJECT ADDED ENTRY--TOPICAL TERM | |
| Topical term or geographic name as entry element | Hermeneutics |
| General subdivision | History. |
| 700 1# - ADDED ENTRY--PERSONAL NAME | |
| Personal name | Burgess, Joseph A. |
| 700 1# - ADDED ENTRY--PERSONAL NAME | |
| Personal name | Hagen, Kenneth |
| 700 1# - ADDED ENTRY--PERSONAL NAME | |
| Personal name | Harrington, Daniel J. |
| 700 1# - ADDED ENTRY--PERSONAL NAME | |
| Personal name | Osborne, Grant R. |
| 950 0# - LOCAL HOLDINGS (RLIN) | |
| -- | .95/6.25 |
| 951 ## - EQUIVALENCE OR CROSS-REFERENCE-GEOGRAPHIC NAME/AREA NAME [OBSOLETE] [CAN/MARC only] | |
| -- | 12939 |
| -- | BS500/B47h/1987 |
| -- | 070613111148812 |
| -- | 2000-12-21 |
| -- | GC |
| Withdrawn status | Lost status | Damaged status | Not for loan | Home library | Current library | Shelving location | Date acquired | Accession number | Shelving control number | Total Checkouts | Full call number | Date last seen | Price effective from | Koha item type |
|---|---|---|---|---|---|---|---|---|---|---|---|---|---|---|
| BSOP Library | BSOP Library | GC | 12/21/2000 | 12939 | 127 | BS500/B47h/1987 | 02/23/2013 | 02/23/2013 | Books |
